M B Emeneau bibliography with citation index (Record no. 3376)
[ view plain ]
| 000 -LEADER | |
|---|---|
| fixed length control field | 00699 a2200193 4500 |
| 010 ## - LIBRARY OF CONGRESS CONTROL NUMBER | |
| LC control number | ENG-85756 |
| 020 ## - INTERNATIONAL STANDARD BOOK NUMBER | |
| International Standard Book Number | 8173421609 |
| Terms of availability | 100.00 |
| 035 ## - SYSTEM CONTROL NUMBER | |
| System control number | EN-69289 |
| 082 14 - DEWEY DECIMAL CLASSIFICATION NUMBER | |
| Classification number | 016.47 |
| 090 ## - LOCALLY ASSIGNED LC-TYPE CALL NUMBER (OCLC); LOCAL CALL NUMBER (OCLC) | |
| -- | 3443 |
| -- | 3443 |
| 100 1# - MAIN ENTRY--PERSONAL NAME | |
| Personal name | Sharada, B A |
| 245 2# - TITLE STATEMENT | |
| Title | M B Emeneau bibliography with citation index |
| Statement of responsibility, etc | B A Sharada |
| 260 ## - PUBLICATION, DISTRIBUTION, ETC. (IMPRINT) | |
| Place of publication, distribution, etc | Mysore |
| Name of publisher, distributor, etc | Central Institute of Indian Languages, 2006 |
| Date of publication, distribution, etc | 2006 |
| 270 ## - ADDRESS | |
| Address | Manasagangotri |
| City | Mysore |
| State or province | Karnataka |
| Postal code | 570 006 |
| Electronic mail address | borkar@ciil.stpmy.soft.net |
| 300 ## - PHYSICAL DESCRIPTION | |
| Extent | xi, 117p. |
| Dimensions | 23cm |
| 490 ## - SERIES STATEMENT | |
| Series statement | Central Institute of Indian Languages Publication No. 558 |
| 942 ## - ADDED ENTRY ELEMENTS (KOHA) | |
| Institution code [OBSOLETE] | dpl |
| Koha item type | English Books |
| Call number prefix | 016.47 / SHA |
| Withdrawn status | Lost status | Source of classification or shelving scheme | Damaged status | Not for loan | Collection code | Home library | Current library | Source of acquisition | Cost, normal purchase price | Total Checkouts | Full call number | Barcode | Date last seen | Copy number | Uniform Resource Identifier | Cost, replacement price | Price effective from | Koha item type |
|---|---|---|---|---|---|---|---|---|---|---|---|---|---|---|---|---|---|---|
| Dewey Decimal Classification | Not For Loan | Non-fiction | D.B.Act.Division | D.B.Act.Division | DBAD/PUB | 100.00 | 016.47 SHA | EN-69289 | 15/09/2008 | 1 | 3597 | 100.00 | 15/09/2008 | English Books |
